High Court Civil Suit No. 0510 OF 2002 Chotalal Khiroya and others Vs John Ssebalamu and others (Record no. 3815)

MARC details
000 -LEADER
fixed length control field 00538nam a22001217a 4500
008 - FIXED-LENGTH DATA ELEMENTS--GENERAL INFORMATION
fixed length control field 110624t xxu||||| |||| 00| 0 eng d
010 ## - LIBRARY OF CONGRESS CONTROL NUMBER
LC control number HCCSF95
245 ## - TITLE STATEMENT
Title High Court Civil Suit No. 0510 OF 2002 Chotalal Khiroya and others Vs John Ssebalamu and others
260 ## - PUBLICATION, DISTRIBUTION, ETC. (IMPRINT)
Date of publication, distribution, etc 2002
500 ## - GENERAL NOTE
General note Before: THE HON. MR. AG. JUSTICE L.N. MUKASA
Holdings
Withdrawn status Lost status Source of classification or shelving scheme Damaged status Koha normalized classification for sorting Not for loan Location (home branch) Sublocation or collection (holding branch) Shelving location Date acquired Koha issues (times borrowed) Koha full call number Piece designation (barcode) Koha date last seen Price effective from Koha item type
    Dewey Decimal Classification   HCCSF__95   Law Development Centre Main Library Law Development Centre Main Library Law Reports 06/24/2011   HCCSF_95 0510/2002/1 06/24/2011 06/24/2011 Un Reported Cases
    Dewey Decimal Classification   HCCSF__95   Law Development Centre Main Library Law Development Centre Main Library Law Reports 06/24/2011   HCCSF_95 0510/2002/2 06/24/2011 06/24/2011 Un Reported Cases